000
00381nam a2200145Ia 4500
008
230718s9999 xx 000 0 und d
041
_a
Eng.
082
_a
210.72
_b
خلی-ع
100
_a
خلیل' پروفیسر محمد ڈاکٹر
245
0
_a
علمی اسلامیات (لازمی)
260
_a
Pakistan
_b
Ilmi kitab
_c
2016
300
_a
250
650
_a
Law
999
_c
30925
_d
30925